| Поле | Инд. | ПП | Название | Значение |
|---|---|---|---|---|
| Тип записи | a | |||
| Библиографический уровень | m | |||
| 001 | Контрольный номер | 004398413 | ||
| 005 | Дата корректировки | 20150513112059.6 | ||
| 008 | Кодируемые данные | 091012s2009 a zzzz 000 1 rusdu | ||
| 020 | a | ISBN | 978-5-8114-0987-7 | |
| 040 | a | Служба первич. каталог. | НБ ТвГУ | |
| d | Организация, изменившая запись | RuMo | ||
| e | Правила каталог. | rcr | ||
| 041 | a | Код языка текста | rus | |
| 080 | a | Индекс УДК | 536.7(075.8) | |
| 080 | a | Индекс УДК | 621.1.016.7(075.8) | |
| 084 | a | Индекс другой классификации/Индекс ББК | В317.1я73-1 | |
| 084 | a | Индекс другой классификации/Индекс ББК | З311я73-1 | |
| 090 | a | Полочн. индекс | В317.1 | |
| x | Авторский знак | Н 73 | ||
| 100 | 1_ | a | Автор | Новиков Иван Иванович |
| q | Полное имя | Новиков И. И. | ||
| 245 | 10 | a | Заглавие | Термодинамика |
| b | Продолж. заглавия | учебное пособие | ||
| 250 | a | Основные сведения об издании | Изд. 2-е, испр. | |
| 260 | a | Место издания | Санкт-Петербург | |
| a | Место издания | Москва | ||
| a | Место издания | Краснодар | ||
| b | Издательство | Лань | ||
| c | Дата издания | 2009 | ||
| 300 | a | Объем | 589 с. | |
| b | Иллюстрации/ тип воспроизводства | ил., табл. | ||
| c | Размеры | 21 см | ||
| 440 | _0 | a | Серия | Учебники для вузов |
| 440 | _0 | a | Серия | Специальная литература |
| 504 | a | Библиография | Предм. указ.: с. 586-587 | |
| 520 | a | Аннотация | В учебном пособии рассмотрены три начала термодинамики, термодинамическое равновесие, основные термодинамические процессы, термодинамические свойства твердых, жидких и газообразных тел, термодинамика газов и газоподобных систем, термодинамика сложных систем, термодинамический анализ рабочих процессов преобразования энергии. В новом издании книги добавлена глава, посвященная критическим явлениям. | |
| У | чебное пособие предназначено для студентов физических и технических специальностей. | |||
| 653 | a | Ключевые слова | Теоретическая физика | |
| a | Ключевые слова | Теоретические основы теплотехники | ||
| a | Ключевые слова | Теплотехника | ||
| a | Ключевые слова | Термодинамика | ||
| a | Ключевые слова | Техническая термодинамика | ||
| a | Ключевые слова | Учебники для вузов | ||
| a | Ключевые слова | Физика | ||
| 901 | t | Тип документа | m | |
| 920 | a | Оператор | Хохл | |
| 930 | a | Новая/Ретро | учебники | |
| 952 | c | Вид литературы | К ру | |
| 954 | a | Дата поступления на обработку | 20111226 |